Sekelumit rahasia al-Qur'an

Bibliographic Details
Main Author: محمود، مصطفى (Author)
Format: Book
Published: Singapura : Pustaka Nasional , c1990
Subjects:

MARC

LEADER 00000cam a2200000 7i4500
001 0000005929
005 20230116093000.0
020 |a 9971772914 
090 0 0 |a BP130   |b .M212 
100 0 |a محمود، مصطفى ,   |e author 
240 2 0 |a من اسرار القران   |l [Bahasa Malaysia] 
245 1 0 |a Sekelumit rahasia al-Qur'an   |c Mustafa Mahmu   |f alihbahasa, Muhidhar Husain Syahab 
260 2 |a Singapura :   |b Pustaka Nasional ,   |c c1990 
300 |a 80 p. ;   |c 21 cm. 
630 0 0 |a Qur'an; criticism, interpretation, etc 
999 |a 1000002149   |b Book   |c OPEN SHELF (30 DAYS)   |e Gong Badak Campus